[Event "BL Meisterschaftsturnier 2020"]
[Site "Karlsruhe"]
[Date "2020.09.17"]
[Round "3.13"]
[White "Lagarde, Maxime"]
[Black "Bischoff, Klaus"]
[Result "1/2-1/2"]
[WhiteElo "2657"]
[BlackElo "2503"]
[Annotator "ChessBase"]
[PlyCount "45"]
[EventDate "2020.09.16"]
[EventType "team-tourn"]
[EventCountry "GER"]
[WhiteTeam "Deizisau"]
[BlackTeam "Bayern Muenchen"]
[TimeControl "40/5400+30:1800+30"]

1. e4 {[%emt 0:00:00]} e6 {[%emt 0:00:47]} 2. d4 {[%emt 0:00:00]} d5 {[%emt 0:00:08]} 3. e5 {[%emt 0:00:02]} c5 {[%emt 0:00:12]} 4. c3 {[%emt 0:00:03]} Nc6 {[%emt 0:00:20]} 5. Nf3 {[%emt 0:00:06]} Bd7 {[%emt 0:00:17]} 6. Be2 {[%emt 0:00:14]} Nge7 {[%emt 0:00:50]} 7. Na3 {[%emt 0:00:14]} cxd4 {[%emt 0:02:44]} 8. cxd4 {[%emt 0:00:25]} Nc8 {[%emt 0:01:07]} 9. O-O {[%emt 0:00:56]} Be7 {[%emt 0:03:31]} 10. Re1 {[%emt 0:00:15]} h6 {[%emt 0:05:13]} 11. Bd2 {[%emt 0:06:23]} a6 {[%emt 0:05:54]} 12. Nc2 {[%emt 0:03:55]} a5 {[%emt 0:04:21]} 13. Bc3 {[%emt 0:10:39]} N8a7 {[%emt 0:04:44]} 14. Qd2 {[%emt 0:11:52]} Qb6 {[%emt 0:05:51]} 15. h4 {[%emt 0:08:40]} Nb4 {[%emt 0:04:25]} 16. Ne3 {[%emt 0:17:05]} Bb5 {[%emt 0:05:43]} 17. a3 {[%emt 0:03:07]} Bxe2 {[%emt 0:01:14]} 18. Rxe2 {[%emt 0:03:54]} Nbc6 {[%emt 0:00:13]} 19. Rc1 {[%emt 0:06:27]} Qb5 {[%emt 0:05:13]} 20. Ree1 {[%emt 0:06:34]} Nc8 {[%emt 0:04:43]} 21. Nf1 {[%emt 0:03:01]} Nb6 {[%emt 0:02:59]} 22. Ng3 {[%emt 0:04:23]} Kd7 {[%emt 0:06:40]} 23. Nh5 {[%emt 0:06:15]} 1/2-1/2

[Event "BL Meisterschaftsturnier 2020"]
[Site "Karlsruhe"]
[Date "2020.09.17"]
[Round "3.14"]
[White "Fedorovsky, Michael"]
[Black "Kollars, Dmitrij"]
[Result "1/2-1/2"]
[WhiteElo "2422"]
[BlackElo "2585"]
[Annotator "RC"]
[PlyCount "81"]
[EventDate "2020.09.16"]
[EventType "team-tourn"]
[EventCountry "GER"]
[WhiteTeam "Bayern Muenchen"]
[BlackTeam "Deizisau"]
[TimeControl "40/5400+30:1800+30"]

1. d4 {[%emt 0:00:00]} Nf6 {[%emt 0:00:00]} 2. c4 {[%emt 0:00:00]} e6 {[%emt 0:00:00]} 3. Nc3 {[%emt 0:00:00]} Bb4 {[%emt 0:00:02]} 4. e3 {[%emt 0:00:00]} O-O {[%emt 0:00:26]} 5. Nge2 {[%emt 0:00:00]} Re8 {[%emt 0:00:47]} 6. a3 {[%emt 0:00:33]} Bf8 {[%emt 0:00:33]} 7. Nf4 {[%emt 0:08:42]} d6 {[%emt 0:00:23]} 8. Be2 {[%emt 0:02:05]} Nbd7 {[%emt 0:04:31]} 9. O-O {[%emt 0:01:12]} e5 {[%emt 0:00:37]} 10. Nfd5 {[%emt 0:03:45]} c6 {[%emt 0:08:50]} 11. Nxf6+ {[%emt 0:00:41]} Nxf6 {[%emt 0:00:26]} 12. b4 {[%emt 0:02:58]} g6 {[%emt 0:09:55]} 13. Bb2 {[%emt 0:04:38]} Bg7 {[%emt 0:01:02]} 14. d5 {[%emt 0:07:30]} Bf5 {[%emt 0:11:49]} 15. Qd2 {[%emt 0:10:11]} Qe7 {[%emt 0:02:14]} 16. dxc6 {[%emt 0:09:02]} bxc6 {[%emt 0:00:07]} 17. b5 {[%emt 0:01:30]} cxb5 {[%emt 0:03:53]} 18. cxb5 {[%emt 0:02:55]} Rad8 {[%emt 0:00:37]} 19. Nd5 {[%emt 0:03:43]} Nxd5 {[%emt 0:02:26]} 20. Qxd5 {[%emt 0:01:09]} Be6 {[%emt 0:00:17]} 21. Qd2 {[%emt 0:00:40]} d5 {[%emt 0:00:50]} 22. a4 {[%emt 0:02:36]} d4 {[%emt 0:18:16]} 23. exd4 {[%emt 0:00:26]} exd4 {[%emt 0:00:20]} 24. Bd3 {[%emt 0:01:36]} Bd5 {[%emt 0:10:41]} 25. Rfe1 {[%emt 0:08:08]} Qd7 {[%emt 0:01:32]} 26. h3 {[%emt 0:04:18]} Bb7 {[%emt 0:03:58]} 27. Qg5 {[%emt 0:05:43]} Ba8 {[%emt 0:10:18]} 28. Rac1 {[%emt 0:02:13]} h6 {[%emt 0:01:31]} 29. Rxe8+ {[%emt 0:02:51]} Rxe8 {[%emt 0:00:12]} 30. Qc5 {[%emt 0:01:10]} Kh7 {[%emt 0:00:23]} 31. Bf1 {[%emt 0:05:55]} Rd8 {[%emt 0:03:12]} 32. Qc7 {[%emt 0:03:43]} d3 {[%emt 0:02:19]} 33. Qxd7 {[%emt 0:02:25]} Rxd7 {[%emt 0:00:01]} 34. Bxg7 {[%emt 0:00:09]} Kxg7 35. Rd1 {[%emt 0:02:06]} d2 {[%emt 0:00:39]} 36. f3 {[%emt 0:00:03]} Rd4 {[%emt 0:01:30]} 37. Kf2 {[%emt 0:00:11]} Bd5 {[%emt 0:01:10]} 38. Ke3 {[%emt 0:01:12]} Rxa4 {[%emt 0:00:10]} 39. Rxd2 {[%emt 0:00:17]} Be6 {[%emt 0:01:29]} 40. Rd4 {[%emt 0:02:35]} Ra3+ {[%emt 0:01:09]} 41. Kf2 {[%emt 0:07:38]} 1/2-1/2

[Event "BL Meisterschaftsturnier 2020"]
[Site "Karlsruhe"]
[Date "2020.09.17"]
[Round "3.14"]
[White "Schmidek, Emil"]
[Black "Naiditsch, Arkadij"]
[Result "0-1"]
[WhiteElo "2395"]
[BlackElo "2624"]
[Annotator "ChessBase"]
[PlyCount "60"]
[EventDate "2020.09.16"]
[EventType "team-tourn"]
[EventCountry "GER"]
[WhiteTeam "SF Berlin"]
[BlackTeam "Baden-Baden"]
[TimeControl "40/5400+30:1800+30"]

1. d4 {[%emt 0:00:00]} Nf6 {[%emt 0:00:00]} 2. c4 {[%emt 0:00:00]} e6 {[%emt 0:00:01]} 3. Nc3 {[%emt 0:00:00]} Bb4 {[%emt 0:00:21]} 4. e3 {[%emt 0:00:00]} b6 {[%emt 0:01:52]} 5. Nge2 {[%emt 0:00:03]} Ba6 {[%emt 0:05:24]} 6. a3 {[%emt 0:02:27]} Be7 {[%emt 0:00:20]} 7. Nf4 {[%emt 0:04:41]} O-O {[%emt 0:01:13]} 8. Bd3 {[%emt 0:15:45]} d5 {[%emt 0:03:42]} 9. cxd5 {[%emt 0:02:58]} Bxd3 {[%emt 0:00:20]} 10. Qxd3 {[%emt 0:02:34]} exd5 {[%emt 0:00:11]} 11. O-O {[%emt 0:01:17]} Qd7 {[%emt 0:12:40]} 12. Bd2 {[%emt 0:06:44]} Nc6 {[%emt 0:04:14]} 13. b4 {[%emt 0:02:03]} Nd8 {[%emt 0:02:02]} 14. f3 {[%emt 0:18:07]} Ne6 {[%emt 0:01:21]} 15. Nxe6 {[%emt 0:01:43]} fxe6 {[%emt 0:00:08]} 16. b5 {[%emt 0:02:13]} Rac8 {[%emt 0:03:18]} 17. Ne2 {[%emt 0:04:21]} c5 {[%emt 0:02:26]} 18. bxc6 {[%emt 0:00:05]} Rxc6 {[%emt 0:00:31]} 19. Bb4 {[%emt 0:04:41]} Rfc8 {[%emt 0:02:29]} 20. Rfc1 {[%emt 0:04:19]} Rc4 {[%emt 0:08:52]} 21. Rxc4 {[%emt 0:05:13]} dxc4 {[%emt 0:08:56]} 22. Qd2 {[%emt 0:02:33]} Bxb4 {[%emt 0:02:24]} 23. axb4 {[%emt 0:02:01]} Nd5 {[%emt 0:03:42]} 24. Ra3 {[%emt 0:11:26]} Qe7 {[%emt 0:03:17]} 25. Nf4 {[%emt 0:06:42]} Nxf4 {[%emt 0:02:29]} 26. exf4 {[%emt 0:00:06]} a5 {[%emt 0:00:10]} 27. Re3 {[%emt 0:00:37]} axb4 {[%emt 0:02:41]} 28. Qe2 {[%emt 0:00:33]} c3 {[%emt 0:00:53]} 29. Rxe6 {[%emt 0:00:05]} Qf7 {[%emt 0:00:47]} 30. Re7 {[%emt 0:01:11]} c2 {[%emt 0:00:36]} 0-1

[Event "BL Meisterschaftsturnier 2020"]
[Site "Karlsruhe"]
[Date "2020.09.17"]
[Round "3.15"]
[White "Bacrot, Etienne"]
[Black "Florstedt, Johannes"]
[Result "1-0"]
[WhiteElo "2673"]
[BlackElo "2353"]
[Annotator "ChessBase"]
[PlyCount "61"]
[EventDate "2020.09.16"]
[EventType "team-tourn"]
[EventCountry "GER"]
[WhiteTeam "Baden-Baden"]
[BlackTeam "SF Berlin"]
[TimeControl "40/5400+30:1800+30"]

1. Nf3 {[%emt 0:00:46]} c5 {[%emt 0:00:22]} 2. c4 {[%emt 0:00:08]} Nc6 {[%emt 0:00:04]} 3. d4 {[%emt 0:01:54]} cxd4 {[%emt 0:00:07]} 4. Nxd4 {[%emt 0:00:04]} Nf6 {[%emt 0:00:12]} 5. Nc3 {[%emt 0:00:08]} e6 {[%emt 0:00:04]} 6. a3 {[%emt 0:00:38]} Bc5 {[%emt 0:01:09]} 7. Nb3 {[%emt 0:00:32]} Bb6 {[%emt 0:00:06]} 8. c5 {[%emt 0:00:43]} Bc7 {[%emt 0:01:02]} 9. g3 {[%emt 0:00:17]} O-O {[%emt 0:11:17]} 10. Bg2 {[%emt 0:00:15]} b6 {[%emt 0:00:06]} 11. O-O {[%emt 0:02:02]} Rb8 {[%emt 0:03:55]} 12. cxb6 {[%emt 0:16:26]} axb6 {[%emt 0:04:25]} 13. Nb5 {[%emt 0:01:16]} Be5 {[%emt 0:08:22]} 14. f4 {[%emt 0:09:24]} Bc7 {[%emt 0:00:09]} 15. Nxc7 {[%emt 0:06:17]} Qxc7 {[%emt 0:00:05]} 16. f5 {[%emt 0:00:05]} Bb7 {[%emt 0:14:30]} 17. Bf4 {[%emt 0:01:09]} e5 {[%emt 0:00:13]} 18. Bg5 {[%emt 0:00:07]} Rbc8 {[%emt 0:28:15]} 19. Bxf6 {[%emt 0:03:06]} gxf6 {[%emt 0:00:05]} 20. Rc1 {[%emt 0:00:20]} Rfd8 {[%emt 0:00:16]} 21. Bd5 {[%emt 0:13:02]} Qb8 {[%emt 0:00:56]} 22. Rc4 {[%emt 0:11:16]} Ne7 {[%emt 0:01:12]} 23. Rg4+ {[%emt 0:01:13]} Kf8 {[%emt 0:00:05]} 24. Bxb7 {[%emt 0:01:13]} Qxb7 {[%emt 0:00:07]} 25. Qd2 {[%emt 0:01:16]} Ke8 {[%emt 0:04:26]} 26. Qh6 {[%emt 0:03:22]} Rc2 {[%emt 0:08:16]} 27. Nd2 {[%emt 0:10:35]} d5 {[%emt 0:02:21]} 28. Qxf6 {[%emt 0:03:03]} Rxd2 {[%emt 0:04:29]} 29. Rg7 {[%emt 0:00:58]} Nc6 {[%emt 0:00:13]} 30. Rc1 {[%emt 0:01:40]} Qe7 {[%emt 0:07:11]} 31. Rg8+ {[%emt 0:00:14]} 1-0

[Event "BL Meisterschaftsturnier 2020"]
[Site "Karlsruhe"]
[Date "2020.09.17"]
[Round "3.15"]
[White "Kozul, Zdenko"]
[Black "Lokander, Martin"]
[Result "1/2-1/2"]
[WhiteElo "2597"]
[BlackElo "2406"]
[Annotator "ChessBase"]
[PlyCount "123"]
[EventDate "2020.09.16"]
[EventType "team-tourn"]
[EventCountry "GER"]
[WhiteTeam "Deizisau"]
[BlackTeam "Bayern Muenchen"]
[TimeControl "40/5400+30:1800+30"]

1. d4 {[%emt 0:00:00]} Nf6 {[%emt 0:00:00]} 2. Nf3 {[%emt 0:00:00]} g6 {[%emt 0:00:24]} 3. c4 {[%emt 0:00:14]} Bg7 {[%emt 0:00:09]} 4. Nc3 {[%emt 0:00:14]} d5 {[%emt 0:00:28]} 5. cxd5 {[%emt 0:01:13]} Nxd5 {[%emt 0:00:09]} 6. e4 {[%emt 0:00:08]} Nxc3 {[%emt 0:00:05]} 7. bxc3 {[%emt 0:00:07]} c5 {[%emt 0:00:08]} 8. Be3 {[%emt 0:02:07]} Qa5 {[%emt 0:00:55]} 9. Qd2 {[%emt 0:00:29]} O-O {[%emt 0:00:39]} 10. Rc1 {[%emt 0:00:56]} Bg4 {[%emt 0:00:32]} 11. d5 {[%emt 0:07:59]} b5 {[%emt 0:01:33]} 12. Be2 {[%emt 0:06:50]} Nd7 {[%emt 0:02:16]} 13. O-O {[%emt 0:01:12]} Rfd8 {[%emt 0:02:26]} 14. Rfd1 {[%emt 0:24:44]} Bxf3 {[%emt 0:05:27]} 15. Bxf3 {[%emt 0:01:20]} c4 {[%emt 0:00:37]} 16. h4 {[%emt 0:08:58]} Qc7 {[%emt 0:02:34]} 17. h5 {[%emt 0:03:10]} Nc5 {[%emt 0:01:02]} 18. Rb1 {[%emt 0:02:34]} Rab8 {[%emt 0:02:39]} 19. Bd4 {[%emt 0:00:54]} Bxd4 {[%emt 0:14:05]} 20. cxd4 {[%emt 0:02:27]} Nd3 {[%emt 0:03:50]} 21. g3 {[%emt 0:05:03]} Qb6 {[%emt 0:02:06]} 22. Be2 {[%emt 0:04:18]} Qxd4 {[%emt 0:01:24]} 23. Bxd3 {[%emt 0:00:07]} cxd3 {[%emt 0:00:27]} 24. Qxd3 {[%emt 0:00:37]} Qxd3 {[%emt 0:05:04]} 25. Rxd3 {[%emt 0:00:07]} Rdc8 {[%emt 0:00:31]} 26. Ra3 {[%emt 0:07:26]} Rc4 {[%emt 0:02:05]} 27. Rxa7 {[%emt 0:01:48]} Rxe4 {[%emt 0:00:40]} 28. h6 {[%emt 0:00:11]} f5 {[%emt 0:09:42]} 29. d6 {[%emt 0:00:33]} Kf7 {[%emt 0:01:23]} 30. Kf1 {[%emt 0:04:53]} Re6 {[%emt 0:01:58]} 31. d7 {[%emt 0:10:23]} Rd6 {[%emt 0:01:06]} 32. Rb4 {[%emt 0:00:45]} Ke6 {[%emt 0:07:07]} 33. a4 {[%emt 0:00:07]} Rxd7 {[%emt 0:00:19]} 34. Ra5 {[%emt 0:00:23]} Rdb7 {[%emt 0:04:24]} 35. axb5 {[%emt 0:01:02]} Kd6 {[%emt 0:02:52]} 36. Rb2 {[%emt 0:00:40]} Kc5 {[%emt 0:03:13]} 37. b6+ {[%emt 0:00:40]} Kc6 {[%emt 0:03:24]} 38. Re5 {[%emt 0:01:40]} Kd7 {[%emt 0:01:03]} 39. Reb5 {[%emt 0:00:27]} e6 {[%emt 0:07:45]} 40. Ra5 {[%emt 0:01:24]} Kc6 {[%emt 0:04:30]} 41. Rc2+ {[%emt 0:11:39]} Kxb6 {[%emt 0:04:54]} 42. Ra1 {[%emt 0:00:58]} Re8 {[%emt 0:00:45]} 43. Kg2 {[%emt 0:06:06]} e5 {[%emt 0:01:48]} 44. g4 {[%emt 0:00:35]} fxg4 {[%emt 0:01:27]} 45. Kg3 {[%emt 0:00:36]} Rf8 {[%emt 0:00:39]} 46. Kxg4 {[%emt 0:03:23]} Rf4+ {[%emt 0:02:31]} 47. Kg3 {[%emt 0:00:07]} Rb4 {[%emt 0:01:00]} 48. Rc8 {[%emt 0:01:19]} Rc7 {[%emt 0:05:51]} 49. Rb8+ {[%emt 0:00:55]} Kc5 {[%emt 0:00:36]} 50. Ra5+ {[%emt 0:02:24]} Kc4 {[%emt 0:00:18]} 51. Rxb4+ {[%emt 0:00:07]} Kxb4 {[%emt 0:00:03]} 52. Rxe5 {[%emt 0:00:07]} Kc4 {[%emt 0:00:25]} 53. Kg4 {[%emt 0:01:19]} Kd4 {[%emt 0:00:46]} 54. f4 {[%emt 0:00:30]} Rf7 {[%emt 0:00:17]} 55. Kg5 {[%emt 0:00:13]} Kc4 {[%emt 0:00:42]} 56. Kg4 {[%emt 0:01:55]} Kd4 {[%emt 0:00:29]} 57. Kf3 {[%emt 0:01:35]} Rd7 {[%emt 0:01:02]} 58. Ra5 {[%emt 0:02:00]} Rf7 {[%emt 0:00:36]} 59. Kg4 {[%emt 0:00:25]} Ke4 {[%emt 0:01:09]} 60. Re5+ {[%emt 0:01:30]} Kd4 {[%emt 0:00:06]} 61. Kg5 Kc4 {[%emt 0:00:19]} 62. Kg4 {[%emt 0:03:33]} 1/2-1/2

[Event "BL Meisterschaftsturnier 2020"]
[Site "Karlsruhe"]
[Date "2020.09.17"]
[Round "3.16"]
[White "Rafiee, Makan"]
[Black "Demuth, Adrien"]
[Result "1/2-1/2"]
[WhiteElo "2334"]
[BlackElo "2492"]
[Annotator "ChessBase"]
[PlyCount "105"]
[EventDate "2020.09.16"]
[EventType "team-tourn"]
[EventCountry "GER"]
[WhiteTeam "Bayern Muenchen"]
[BlackTeam "Deizisau"]
[TimeControl "40/5400+30:1800+30"]

1. e4 {[%emt 0:00:00]} c5 {[%emt 0:00:00]} 2. Nf3 {[%emt 0:00:00]} Nc6 {[%emt 0:00:06]} 3. d4 {[%emt 0:00:00]} cxd4 {[%emt 0:00:07]} 4. Nxd4 {[%emt 0:00:02]} Nf6 {[%emt 0:00:05]} 5. Nc3 {[%emt 0:00:06]} d6 {[%emt 0:00:05]} 6. Bc4 {[%emt 0:00:18]} e6 {[%emt 0:00:26]} 7. Be3 {[%emt 0:00:09]} Be7 {[%emt 0:00:37]} 8. Bb3 {[%emt 0:00:29]} O-O {[%emt 0:00:31]} 9. Qe2 {[%emt 0:00:12]} a6 {[%emt 0:03:10]} 10. O-O-O {[%emt 0:00:10]} Nxd4 {[%emt 0:01:00]} 11. Bxd4 {[%emt 0:00:06]} b5 {[%emt 0:00:35]} 12. g4 {[%emt 0:06:42]} b4 {[%emt 0:01:15]} 13. Na4 {[%emt 0:02:33]} Bb7 {[%emt 0:00:14]} 14. f3 {[%emt 0:04:20]} Nd7 {[%emt 0:02:37]} 15. Qf2 {[%emt 0:19:49]} Bc6 {[%emt 0:32:09]} 16. Nb6 {[%emt 0:12:55]} Nxb6 {[%emt 0:10:51]} 17. Bxb6 {[%emt 0:00:06]} Qb8 {[%emt 0:00:13]} 18. Rhe1 {[%emt 0:08:47]} a5 {[%emt 0:04:12]} 19. Bc4 {[%emt 0:02:53]} Rc8 {[%emt 0:03:29]} 20. Kb1 {[%emt 0:05:19]} a4 {[%emt 0:03:07]} 21. b3 {[%emt 0:16:11]} Bb7 {[%emt 0:09:30]} 22. Bd3 {[%emt 0:05:38]} Ba6 {[%emt 0:01:40]} 23. Bd4 {[%emt 0:01:58]} Bxd3 {[%emt 0:01:06]} 24. Rxd3 {[%emt 0:00:24]} Qb5 25. Red1 {[%emt 0:00:30]} Rc6 {[%emt 0:03:00]} 26. Qe2 {[%emt 0:01:01]} Bg5 {[%emt 0:10:26]} 27. R3d2 {[%emt 0:03:56]} Qa5 {[%emt 0:01:19]} 28. Be3 {[%emt 0:00:09]} axb3 {[%emt 0:01:39]} 29. cxb3 {[%emt 0:00:09]} Bxe3 {[%emt 0:07:03]} 30. Qxe3 {[%emt 0:00:04]} Rc3 {[%emt 0:00:05]} 31. Qd4 {[%emt 0:02:11]} Rxf3 {[%emt 0:00:48]} 32. Qb2 {[%emt 0:07:43]} Ra6 {[%emt 0:02:28]} 33. Rd3 {[%emt 0:00:24]} Rxd3 {[%emt 0:00:41]} 34. Rxd3 {[%emt 0:00:04]} h6 {[%emt 0:00:53]} 35. Qd2 {[%emt 0:00:49]} Qc5 {[%emt 0:00:50]} 36. Rd4 {[%emt 0:00:05]} Rb6 {[%emt 0:00:23]} 37. h3 {[%emt 0:01:19]} d5 {[%emt 0:01:18]} 38. exd5 {[%emt 0:00:22]} exd5 {[%emt 0:00:04]} 39. Rxd5 {[%emt 0:00:16]} Qc6 {[%emt 0:00:45]} 40. Rd8+ {[%emt 0:00:23]} Kh7 41. Qd3+ {[%emt 0:30:41]} g6 {[%emt 0:03:14]} 42. Rd7 {[%emt 0:00:00]} Qh1+ {[%emt 0:11:25]} 43. Qd1 {[%emt 0:00:00]} Qe4+ {[%emt 0:00:10]} 44. Qd3 {[%emt 0:00:00]} Qe1+ {[%emt 0:00:59]} 45. Qd1 {[%emt 0:00:00]} Qe8 {[%emt 0:01:07]} 46. Qd4 {[%emt 0:00:00]} Rc6 {[%emt 0:09:24]} 47. Kb2 {[%emt 0:00:00]} Re6 {[%emt 0:04:38]} 48. Rc7 {[%emt 0:00:00]} Re2+ {[%emt 0:00:22]} 49. Rc2 {[%emt 0:00:00]} Re4 {[%emt 0:00:20]} 50. Qf6 {[%emt 0:00:00]} Re6 {[%emt 0:00:42]} 51. Qd4 {[%emt 0:00:00]} Re4 {[%emt 0:00:59]} 52. Qf6 {[%emt 0:00:00]} Re6 {[%emt 0:01:43]} 53. Qd4 {[%emt 0:00:00]} 1/2-1/2

[Event "BL Meisterschaftsturnier 2020"]
[Site "Karlsruhe"]
[Date "2020.09.17"]
[Round "3.16"]
[White "Rudolf, Henrik"]
[Black "Movsesian, Sergei"]
[Result "0-1"]
[WhiteElo "2295"]
[BlackElo "2649"]
[Annotator "ChessBase"]
[PlyCount "64"]
[EventDate "2020.09.16"]
[EventType "team-tourn"]
[EventCountry "GER"]
[WhiteTeam "SF Berlin"]
[BlackTeam "Baden-Baden"]
[TimeControl "40/5400+30:1800+30"]

1. e4 {[%emt 0:00:00]} c5 {[%emt 0:00:00]} 2. Nf3 {[%emt 0:00:00]} e6 {[%emt 0:00:01]} 3. d4 {[%emt 0:00:00]} cxd4 {[%emt 0:00:05]} 4. Nxd4 {[%emt 0:00:00]} a6 {[%emt 0:00:19]} 5. Nc3 {[%emt 0:01:47]} Qc7 {[%emt 0:00:54]} 6. Be2 {[%emt 0:00:31]} b5 {[%emt 0:00:26]} 7. O-O {[%emt 0:00:32]} Bb7 {[%emt 0:00:32]} 8. Re1 {[%emt 0:00:25]} Bd6 {[%emt 0:00:38]} 9. g3 {[%emt 0:09:47]} Be7 {[%emt 0:00:40]} 10. Bf3 {[%emt 0:12:42]} d6 {[%emt 0:01:06]} 11. a4 {[%emt 0:04:13]} bxa4 {[%emt 0:00:06]} 12. Nxa4 {[%emt 0:05:33]} Nd7 {[%emt 0:02:46]} 13. b3 {[%emt 0:09:33]} Ngf6 {[%emt 0:02:31]} 14. c4 {[%emt 0:00:45]} O-O {[%emt 0:00:51]} 15. Bg2 {[%emt 0:11:16]} Rab8 {[%emt 0:05:53]} 16. f4 {[%emt 0:06:19]} Rfd8 {[%emt 0:06:49]} 17. Ba3 {[%emt 0:06:12]} Nc5 {[%emt 0:02:39]} 18. Nc3 {[%emt 0:00:14]} Ba8 {[%emt 0:02:21]} 19. b4 {[%emt 0:06:21]} Ncd7 {[%emt 0:01:49]} 20. Rc1 {[%emt 0:00:21]} Nb6 {[%emt 0:03:41]} 21. Bf1 {[%emt 0:09:15]} Qa7 {[%emt 0:05:28]} 22. Kh1 {[%emt 0:05:49]} Rbc8 {[%emt 0:01:53]} 23. Nd5 {[%emt 0:01:00]} exd5 {[%emt 0:04:35]} 24. cxd5 {[%emt 0:00:04]} Nxe4 {[%emt 0:08:01]} 25. Rxe4 {[%emt 0:00:19]} Nxd5 {[%emt 0:00:34]} 26. Bg2 {[%emt 0:02:25]} Nc3 {[%emt 0:01:13]} 27. Rxc3 {[%emt 0:00:29]} Rxc3 {[%emt 0:00:58]} 28. Bb2 {[%emt 0:00:44]} Rc4 {[%emt 0:05:11]} 29. Qd3 {[%emt 0:01:48]} Rdc8 {[%emt 0:00:49]} 30. h4 {[%emt 0:00:28]} Bxe4 {[%emt 0:01:49]} 31. Bxe4 {[%emt 0:00:15]} Bf6 {[%emt 0:01:48]} 32. Bxh7+ {[%emt 0:00:10]} Kf8 {[%emt 0:00:18]} 0-1

[Event "BL Meisterschaftsturnier 2020"]
[Site "Karlsruhe"]
[Date "2020.09.18"]
[Round "4.1"]
[White "L'Ami, Erwin"]
[Black "Caruana, Fabiano"]
[Result "1-0"]
[WhiteElo "2620"]
[BlackElo "2835"]
[Annotator "TA"]
[PlyCount "97"]
[EventDate "2020.09.16"]
[EventType "team-tourn"]
[EventCountry "GER"]
[SourceTitle "playchess.com"]
[Source "ChessBase"]
[SourceQuality "1"]
[WhiteTeam "Solingen"]
[BlackTeam "Baden-Baden"]

{[%evp 9,97,27,35,28,27,22,29,18,25,24,31,-16,-24,-18,-18,-24,0,-1,43,23,111,112,127,137,106,77,158,158,180,190,166,178,292,322,1527,1449,1360,1333,4822,4818,1147,1070,1043,1055,924,822,1624,944,1778,839,5547,5297,1476,137,402,399,393,0,0,0,395,375,358,366,352,339,502,502,558,529,471,329,431,419,496,489,620,612,1701,1512,1472,1353,2141,1756,2436,2827,2629,2264,2183,2124]} 1. d4 Nf6 2. c4 e6 3. Nf3 d5 4. Nc3 h6 5. Bf4 Bb4 6. cxd5 {[#] D37: Queen's Gambit Declined: 5 Bf4.} Nxd5 $146 ({Predecessor:} 6... Bxc3+ 7. bxc3 Nxd5 8. e3 Nxf4 9. exf4 O-O 10. Bd3 Nd7 11. Qc2 Nf6 12. O-O Qd6 {½-½ (59) Mueller,A (1632)-Hamelmann,K Wildflecken 1993}) 7. Bd2 O-O 8. g3 {White has an edge.} Nxc3 9. bxc3 Ba5 10. g4 c5 11. Rg1 Nc6 {[%cal Rc5d4]} 12. dxc5 e5 {aiming for ...e4.} 13. Qc2 Re8 {Black wants to play ...e4.} 14. g5 g6 (14... hxg5 $1 $11 {remains equal.} 15. Nxg5 e4) 15. gxh6 $16 {Rxg6+! is the strong threat.} e4 16. Ng5 Bf5 {Hoping for ...e3.} 17. O-O-O Qf6 ({Black should play} 17... e3 18. h7+ (18. Bxe3 Bxc2 19. Rxd8 Bxd8 $11) 18... Kg7 19. Bxe3 Bxc2 20. Rxd8 Bxd8 21. Kxc2 Bxg5 22. Bxg5 Re4) 18. Bh3 e3 19. Bxf5 exd2+ 20. Rxd2 Re5 {[#]} (20... Re7 {was necessary.}) 21. Nxf7 $1 $18 {[%mdl 64] Remove Defender} ({Weaker is} 21. h7+ Kh8 $17) 21... Qxf7 $2 (21... Rxf5 22. Nd6 Kh8) 22. Bxg6 Qxf2 {[#]} 23. Bf7+ $1 {[%mdl 512]} Kh8 (23... Kxf7 24. Qh7+) 24. Qg6 {[%csl Gg1,Gh6][%cal Rg6g7]} Rg5 25. Rxg5 {[%csl Gg5,Gh6][%cal Rg6g7]} Bxc3 {[#]} 26. Kc2 $1 Ne7 27. Qe4 Bf6 {[#]} 28. Re5 $1 Rf8 (28... Bxe5 29. Qxe5+) 29. e3 Qf1 30. Bc4 Qa1 31. Rxe7 $2 (31. Rd4 $18 {and the rest is easy.}) 31... Qc3+ $2 {[%mdl 8192]} (31... Qb2+ $16 32. Kd1 (32. Kd3 Rd8+ 33. Bd5 Qb5+ 34. Kc2 Qxc5+ 35. Kd1 Qxe7 $16) 32... Qa1+ 33. Ke2 Bxe7 34. Qd4+ Qxd4 35. exd4 Rd8) 32. Kd1 {[%csl Ge4][%cal Re7h7]} Qa1+ 33. Kc2 $2 (33. Ke2 $18 {[%csl Ge4][%cal Re7h7]} Bxe7 34. Qd4+ Qxd4 35. exd4) 33... Qc3+ $11 34. Kd1 $2 {[%mdl 8192]} (34. Kb1 $11 Qa1+ 35. Kc2) 34... Qa1+ $18 {White stays focused until the end.} 35. Ke2 {[%csl Ge4][%cal Re7h7]} ({Don't play} 35. Kc2 Qc3+ $18) 35... Bxe7 {[%csl Gf8][%cal Ra1f1]} 36. Qd4+ Qxd4 37. exd4 {[%mdl 4096] Endgame KRB-KRB} ({Less strong is} 37. Rxd4 Rf6 $16) 37... Rf4 (37... Rd8 $142 38. Rd3 Kh7) 38. Bd5 Bf6 39. Ke3 Rh4 {White must now prevent ...Bg5+.} 40. Rd3 Rh3+ 41. Kd2 Rxh2+ 42. Kc3 {White is clearly winning.} Kh7 43. Bxb7 Rxa2 44. Kb3 Ra1 45. c6 Bd8 46. d5 Ba5 47. d6 Rc1 48. Rd5 Bd8 49. Rd4 {Accuracy: White = 90%, Black = 39%.} 1-0

[Event "BL Meisterschaftsturnier 2020"]
[Site "Karlsruhe"]
[Date "2020.09.18"]
[Round "4.1"]
[White "L'Ami, Erwin"]
[Black "Caruana, Fabiano"]
[Result "*"]
[WhiteElo "2620"]
[BlackElo "2835"]
[Annotator "TA"]
[PlyCount "34"]
[EventDate "2020.09.16"]
[EventType "team-tourn"]
[EventCountry "GER"]
[SourceTitle "playchess.com"]
[Source "ChessBase"]
[SourceQuality "1"]
[WhiteTeam "Solingen"]
[BlackTeam "Baden-Baden"]

{[%evp 5,5,0]} 1. d4 Nf6 2. c4 e6 3. Nf3 {[#] Not much happened in this game.} {Predecessor:} d5 $146 4. Nc3 c6 5. Bg5 h6 6. Bh4 {D43: Semi-Slav: 5 Bg5 h6.} dxc4 7. e4 g5 8. Bg3 b5 9. Be2 b4 10. Na4 Nxe4 11. Be5 Nf6 12. Nc5 c3 13. bxc3 bxc3 14. O-O Nbd7 15. Nxd7 Bxd7 16. Qb3 Bg7 17. Qa3 g4 {1-0 (45) Carlsen,M (2863)-Ding,L (2791) chess24.com INT 2020} *